Estadísticas para Fichajes Récord del Real Zaragoza

Haz click aquí para intentar la prueba.

Estadísticas generales

  • Esta prueba ha sido intentada 16 veces
  • La puntuación promedio es 4 de 20

Estadísticas de respuestas

$$$TemporadaViene de...Jugador% Correcto
5.000.0002006/07GénovaDiego Milito
86%
11.000.0002006/07ValenciaPablo Aimar
57%
2.500.0002009/10RC DeportivoÁngel Lafita
36%
3.000.0002019/20Borussia DortmundShinji Kagawa
36%
3.500.0002005/06Borussia DortmundEwerthon
21%
2.000.0002008/09River PlateLeonardo Ponzio
21%
2.800.0002007/08Atlético MadridPeter Luccin
21%
10.000.0002008/09AC MilanRicardo Oliveira
21%
8.600.0002011/12BenficaRoberto
21%
4.500.0002007/08Real MadridCarlos Diogo
14%
3.500.0002009/10PartizanIvan Obradovic
14%
4.000.0002008/09ValenciaJavier Arizmendi
14%
3.000.0002008/09Racing SantanderJorge López
14%
1.500.0002005/06BarcelonaSergio García
14%
3.500.0002007/08WolfsburgoAndrés D'Alessandro
7%
5.500.0002009/10GetafeIkechukwu Uche
7%
1.500.0002007/08GetafeJavier Paredes
7%
2.300.0002010/11NápolesMatteo Contini
7%
6.800.0002007/08Shakhtar DonetskMatuzalém
7%
2.000.0002008/09GetafeBraulio Nóbrega
0%

Distribución de puntuación

Porcentaje por número respondido

Porcentaje de gente con cada puntuación

Historial de tus puntuaciones

No has intentado esta prueba.